[Event "Gibtelecom AmatWk2 7th"]
[Site "Gibraltar"]
[Date "2009.02.05"]
[Round "5.5"]
[White "Izzard, Brian J"]
[Black "Wright, Jonathan"]
[Result "1-0"]
[WhiteElo "1608"]
[BlackElo "1696"]
[PlyCount "93"]
[EventDate "2009.02.01"]
[EventType "swiss"]
[EventRounds "5"]
[EventCountry "GGB"]
[SourceTitle "BritBase"]
[Source "www.saund.co.uk"]
[SourceDate "2018.02.10"]
[SourceVersion "1"]
[SourceVersionDate "2018.02.10"]
[SourceQuality "1"]

1. d4 Nf6 2. Bg5 c5 3. Nf3 Ne4 4. Bf4 g6 5. e3 Bg7 6. Bd3 d5 7. Nbd2 Nxd2 8.
Qxd2 c4 9. Be2 Nc6 10. h3 O-O 11. O-O Kh8 12. Rfe1 Bf5 13. Bf1 Rc8 14. c3 f6
15. Rad1 b5 16. g4 Be4 17. Nh2 e5 18. Bg3 exd4 19. exd4 g5 20. Re3 Bh6 21. Rde1
Bg6 22. Bg2 Bf7 23. Qd1 Qd7 24. R3e2 Rcd8 25. Nf1 Bg7 26. Ne3 h5 27. Bf3 h4 28.
Bh2 Rfe8 29. Nf5 Rxe2 30. Rxe2 Be6 31. Nd6 Bf8 32. Nxb5 Rc8 33. Nc7 Bf7 34. Nb5
a6 35. Na3 Bg6 36. Nc2 Bd6 37. Ne3 Bxh2+ 38. Kxh2 Qd6+ 39. Kg1 Ne7 40. Nf1 Bd3
41. Re3 Ng6 42. Qe1 Nf4 43. Bg2 Rb8 44. Re8+ Rxe8 45. Qxe8+ Kg7 46. Ne3 Qb6 47.
Nxd5 1-0

[Event "Gibtelecom AmatWk2 7th"]
[Site "Gibraltar"]
[Date "2009.02.05"]
[Round "5.6"]
[White "Goodfellow, Russell"]
[Black "Hermes, Geoff R"]
[Result "1-0"]
[WhiteElo "1688"]
[BlackElo "1616"]
[PlyCount "46"]
[EventDate "2009.02.01"]
[EventType "swiss"]
[EventRounds "5"]
[EventCountry "GGB"]
[SourceTitle "BritBase"]
[Source "www.saund.co.uk"]
[SourceDate "2018.02.10"]
[SourceVersion "1"]
[SourceVersionDate "2018.02.10"]
[SourceQuality "1"]

1. e4 d6 2. d4 Nf6 3. Nc3 c6 4. f4 Qa5 5. e5 Ne4 6. Qf3 d5 7. a3 Na6 8. Rb1 e6
9. Nge2 Qb6 10. Nxe4 dxe4 11. Qe3 c5 12. Qxe4 cxd4 13. Nxd4 Bc5 14. Be3 Bd7 15.
c3 Bc6 16. Qc2 Bxd4 17. Bxd4 Qd8 18. Qf2 Qd5 19. Rc1 Rd8 20. Rg1 Rd7 21. Be2
Nc5 22. Qe3 Na4 23. Qd2 O-O 1-0

[Event "Gibtelecom AmatWk2 7th"]
[Site "Gibraltar"]
[Date "2009.02.05"]
[Round "5.7"]
[White "Garcia, Mario"]
[Black "Poggio, Freddie"]
[Result "0-1"]
[WhiteElo "1663"]
[BlackElo "1544"]
[PlyCount "84"]
[EventDate "2009.02.01"]
[EventType "swiss"]
[EventRounds "5"]
[EventCountry "GGB"]
[SourceTitle "BritBase"]
[Source "www.saund.co.uk"]
[SourceDate "2018.02.10"]
[SourceVersion "1"]
[SourceVersionDate "2018.02.10"]
[SourceQuality "1"]

1. d4 Nf6 2. c4 c5 3. Nf3 g6 4. d5 e6 5. Nc3 exd5 6. Nxd5 Bg7 7. Bf4 Nxd5 8.
cxd5 Bxb2 9. Rb1 Bg7 10. Qc2 d6 11. e4 O-O 12. Bd3 b6 13. O-O Na6 14. Qa4 Nb8
15. Bb5 a6 16. Bc6 Nxc6 17. Qxc6 Rb8 18. Qxd6 Rb7 19. Qc6 f6 20. Nd2 g5 21. Be3
Rff7 22. Nc4 Rfc7 23. Qd6 Rd7 24. Qg3 b5 25. Nd2 c4 26. Nf3 Qe8 27. Nd2 h6 28.
f3 f5 29. Qf2 f4 30. Bd4 Be5 31. Rfc1 Rh7 32. Nf1 h5 33. Qb2 Rbe7 34. a4 g4 35.
Bxe5 Rxe5 36. Qf2 h4 37. fxg4 Bxg4 38. Qxf4 Rg7 39. Rc3 Rxe4 40. Re3 Rxf4 41.
Rxe8+ Rf8 42. Rxf8+ Kxf8 0-1

[Event "Gibtelecom AmatWk2 7th"]
[Site "Gibraltar"]
[Date "2009.02.05"]
[Round "5.8"]
[White "Foran, Barry"]
[Black "Homer, Neil S"]
[Result "1-0"]
[WhiteElo "1285"]
[BlackElo "1416"]
[PlyCount "84"]
[EventDate "2009.02.01"]
[EventType "swiss"]
[EventRounds "5"]
[EventCountry "GGB"]
[SourceTitle "BritBase"]
[Source "www.saund.co.uk"]
[SourceDate "2018.02.10"]
[SourceVersion "1"]
[SourceVersionDate "2018.02.10"]
[SourceQuality "1"]

1. d4 d5 2. Nf3 Nf6 3. e3 e6 4. Bd3 c5 5. b3 Nc6 6. O-O Bd6 7. Bb2 cxd4 8. exd4
O-O 9. Nbd2 Qc7 10. a3 a6 11. Qe2 b5 12. Ne5 Ne7 13. f4 Ng6 14. g4 Bxe5 15.
dxe5 Nd7 16. Bd4 Re8 17. b4 Bb7 18. h4 Nxh4 19. Bxh7+ Kxh7 20. Qh2 Qd8 21. g5
Kg8 22. Qxh4 g6 23. Nb3 Rc8 24. Nc5 Nxc5 25. Bxc5 Rxc5 26. bxc5 d4 27. Rf2 Kf8
28. Qh8+ Ke7 29. Qf6+ Kd7 30. Qxd8+ Kxd8 31. Rd1 Rh8 32. Rxd4+ Bd5 33. Rh2 Rxh2
34. Kxh2 Kc7 35. Rd3 Kc6 36. Rc3 Bc4 37. a4 Kxc5 38. axb5 axb5 39. Rf3 Bd5 40.
Rf2 Kc4 41. Kg1 Kc3 42. Rh2 Be4 {illegible} 1-0

[Event "Gibtelecom AmatWk2 7th"]
[Site "Gibraltar"]
[Date "2009.02.05"]
[Round "5.9"]
[White "Bath, Tom"]
[Black "Rough, Robert E"]
[Result "0-1"]
[WhiteElo "1192"]
[BlackElo "1607"]
[PlyCount "110"]
[EventDate "2009.02.01"]
[EventType "swiss"]
[EventRounds "5"]
[EventCountry "GGB"]
[SourceTitle "BritBase"]
[Source "www.saund.co.uk"]
[SourceDate "2018.02.10"]
[SourceVersion "1"]
[SourceVersionDate "2018.02.10"]
[SourceQuality "1"]

1. e4 e5 2. Nf3 d6 3. c3 Nf6 4. Qc2 Be7 5. d4 exd4 6. cxd4 O-O 7. Bd3 g6 8. Be3
Re8 9. Nbd2 Nc6 10. O-O Nb4 11. Qb1 Nxd3 12. Qxd3 Bg4 13. Qc3 Bxf3 14. gxf3 Qd7
15. Kh1 Bf8 16. Rg1 Bg7 17. Rad1 Rac8 18. Qb3 Rb8 19. Nf1 Qe6 20. Qxe6 Rxe6 21.
Rg2 d5 22. e5 Nd7 23. Ng3 Nb6 24. Rdg1 Kf8 25. Nf5 Bh8 26. h4 Ke8 27. h5 Kd7
28. Nh6 Rf8 29. hxg6 hxg6 30. f4 Nc8 31. Bd2 Ree8 32. Bb4 Ne7 33. f5 Bg7 34.
Bxe7 Rh8 35. Bg5 Bxh6 36. Bxh6 Rxh6+ 37. Rh2 Reh8 38. Rxh6 Rxh6+ 39. Kg2 gxf5
40. Kf3 Rg6 41. Rh1 Rb6 42. b3 Rc6 43. Kf4 Rc2 44. f3 Rxa2 45. Rh6 Rd2 46. Kxf5
Rxd4 47. f4 Rb4 48. Rh3 c5 49. Rh2 Ke8 50. Rh4 d4 51. Kf6 Rb6+ 52. Kg7 Rg6+ 53.
Kh7 Rg3 54. f5 Rd3 55. Rh6 Kf8 0-1

[Event "Gibtelecom AmatWk2 7th"]
[Site "Gibraltar"]
[Date "2009.02.05"]
[Round "5.10"]
[White "Huba, Mark"]
[Black "Hannan, Peter"]
[Result "1-0"]
[WhiteElo "1320"]
[BlackElo "1680"]
[PlyCount "72"]
[EventDate "2009.02.01"]
[EventType "swiss"]
[EventRounds "5"]
[EventCountry "GGB"]
[SourceTitle "BritBase"]
[Source "www.saund.co.uk"]
[SourceDate "2018.02.10"]
[SourceVersion "1"]
[SourceVersionDate "2018.02.10"]
[SourceQuality "1"]

1. Nf3 Nf6 2. g3 g6 3. Bg2 Bg7 4. d3 d6 5. O-O e5 6. Nbd2 O-O 7. e4 Nc6 8. c3
Ne8 9. Re1 f5 10. exf5 gxf5 11. Nc4 Be6 12. Ng5 Bxc4 13. dxc4 Qd7 14. Bd5+ Kh8
15. Qh5 Nf6 16. Nf7+ Rxf7 17. Qxf7 Ne7 18. Bg5 Nexd5 19. Qxd7 Nxd7 20. cxd5 Nc5
21. Re2 Kg8 22. Be3 Nd3 23. f3 Kf7 24. Rd1 e4 25. fxe4 fxe4 26. Rf1+ Kg6 27.
Bf4 Re8 28. Rd1 Kf7 29. Kf1 Re7 30. Rdd2 Nc1 31. Re3 Nxa2 32. Ke2 Nc1+ 33. Kd1
Nd3 34. Kc2 Nc5 35. b4 Na4 36. Kb3 Nb6 {illegible} 1-0

[Event "Gibtelecom AmatWk2 7th"]
[Site "Gibraltar"]
[Date "2009.02.05"]
[Round "5.11"]
[White "Feeney, James"]
[Black "Manetto, Luis"]
[Result "1-0"]
[WhiteElo "1080"]
[BlackElo "1602"]
[PlyCount "115"]
[EventDate "2009.02.01"]
[EventType "swiss"]
[EventRounds "5"]
[EventCountry "GGB"]
[SourceTitle "BritBase"]
[Source "www.saund.co.uk"]
[SourceDate "2018.02.10"]
[SourceVersion "1"]
[SourceVersionDate "2018.02.10"]
[SourceQuality "1"]

1. f4 d5 2. e3 Nf6 3. Nf3 g6 4. d4 Bg7 5. Bd3 c5 6. c3 cxd4 7. exd4 Bg4 8. O-O
O-O 9. Be3 Nc6 10. Nbd2 e6 11. Qe1 Re8 12. Ne5 Bf5 13. Bxf5 exf5 14. Qf2 Nxe5
15. fxe5 Ng4 16. Qg3 Nxe3 17. Qxe3 Qb6 18. Qf2 f6 19. exf6 Bxf6 20. Nf3 Re7 21.
Rfe1 Rae8 22. Rxe7 Rxe7 23. Re1 Qd6 24. Rxe7 Qxe7 25. Qe1 Kf7 26. Kf1 Qe4 27.
Qxe4 fxe4 28. Ne1 Bg5 29. Ke2 Ke6 30. Nc2 a5 31. Ne3 Bxe3 32. Kxe3 g5 33. g3 h5
34. h3 b5 35. b3 Kd6 36. c4 bxc4 37. bxc4 dxc4 38. Kxe4 a4 39. a3 Ke6 40. g4
hxg4 41. hxg4 c3 42. Kd3 c2 43. Kxc2 Kd6 44. Kc3 Kd5 45. Kd3 Kd6 46. Kc4 Kc6
47. d5+ Kd6 48. Kd4 Kd7 49. Ke5 Ke7 50. d6+ Kd7 51. Kd5 Kd8 52. Ke6 Ke8 53. d7+
Kd8 54. Kf6 Kxd7 55. Kxg5 Ke7 56. Kg6 Kf8 57. Kh7 Kf7 58. g5 1-0

[Event "Gibtelecom AmatWk2 7th"]
[Site "Gibraltar"]
[Date "2009.02.05"]
[Round "5.12"]
[White "Naldrett, Geoffrey William"]
[Black "Stoop, Michael"]
[Result "1-0"]
[WhiteElo "1600"]
[BlackElo "1080"]
[PlyCount "60"]
[EventDate "2009.02.01"]
[EventType "swiss"]
[EventRounds "5"]
[EventCountry "GGB"]
[SourceTitle "BritBase"]
[Source "www.saund.co.uk"]
[SourceDate "2018.02.10"]
[SourceVersion "1"]
[SourceVersionDate "2018.02.10"]
[SourceQuality "1"]

1. e4 d5 2. exd5 Qxd5 3. Nc3 Qa5 4. d4 Nf6 5. Be2 Bf5 6. Bf3 c6 7. Nge2 e6 8.
O-O Be7 9. Ng3 Bg6 10. Nce4 Nbd7 11. c3 O-O 12. Re1 Rad8 13. Qb3 Qc7 14. Nf1 b6
15. g3 c5 16. dxc5 Nxe4 17. Bxe4 Nxc5 18. Qc4 b5 19. Bf4 e5 20. Bxe5 Bd6 21.
Bxd6 Rxd6 22. Qxb5 Bxe4 23. Qc4 Qc6 24. b4 Nd3 25. Rxe4 Qxc4 26. Rxc4 Re8 27.
Ne3 Red8 28. Rd1 Nb2 29. Rxd6 Rxd6 30. Rc8+ Rd8 1-0

[Event "Gibtelecom AmatWk2 7th"]
[Site "Gibraltar"]
[Date "2009.02.05"]
[Round "5.13"]
[White "Chidi, Lovinia Sylvia"]
[Black "Escandell Atienza, Santiago"]
[Result "1-0"]
[WhiteElo "1588"]
[BlackElo "1485"]
[PlyCount "115"]
[EventDate "2009.02.01"]
[EventType "swiss"]
[EventRounds "5"]
[EventCountry "GGB"]
[SourceTitle "BritBase"]
[Source "www.saund.co.uk"]
[SourceDate "2018.02.10"]
[SourceVersion "1"]
[SourceVersionDate "2018.02.10"]
[SourceQuality "1"]

1. d4 Nf6 2. c4 g6 3. Nc3 Bg7 4. e4 O-O 5. Nf3 d6 6. Bd3 Bg4 7. h3 Bxf3 8. Qxf3
Nc6 9. Be3 e5 10. d5 Nd4 11. Qd1 c5 12. O-O Nd7 13. Nb5 Nxb5 14. cxb5 Rc8 15.
b3 Nb6 16. Rc1 f5 17. f3 f4 18. Bf2 Nd7 19. a4 b6 20. b4 Qe7 21. a5 Bf6 22. Qe2
Bh4 23. Be1 Bxe1 24. Qxe1 cxb4 25. Qxb4 Rc5 26. Rxc5 dxc5 27. Qb3 Kh8 28. a6
Nf6 29. Bc4 Ne8 30. Rd1 Nd6 31. Qc3 h5 32. Bf1 Kg7 33. Rd2 Kf6 34. Kf2 Rc8 35.
Bc4 Qd7 36. Rb2 g5 37. Qd3 g4 38. hxg4 hxg4 39. fxg4 Rg8 40. Re2 Rxg4 41. Bb3
Qxb5 42. Qh3 Qd7 43. Qh6+ Rg6 44. Qh4+ Kg7 45. Bd1 Nc4 46. Re1 Ne3 47. Bf3 Qd6
48. Rh1 Kf7 49. Bh5 c4 50. Bxg6+ Qxg6 51. Qh7+ Qg7 52. Qxg7+ Kxg7 53. Kf3 b5
54. d6 Kf7 55. Rh7+ Ke8 56. Rxa7 c3 57. Rc7 Nc4 58. Rxc4 1-0

[Event "Gibtelecom AmatWk2 7th"]
[Site "Gibraltar"]
[Date "2009.02.05"]
[Round "5.14"]
[White "Coats, Jon R"]
[Black "Randall, David C"]
[Result "1/2-1/2"]
[WhiteElo "1456"]
[BlackElo "1576"]
[PlyCount "30"]
[EventDate "2009.02.01"]
[EventType "swiss"]
[EventRounds "5"]
[EventCountry "GGB"]
[SourceTitle "BritBase"]
[Source "www.saund.co.uk"]
[SourceDate "2018.02.10"]
[SourceVersion "1"]
[SourceVersionDate "2018.02.10"]
[SourceQuality "1"]

1. Nf3 d5 2. b3 Nf6 3. e3 Bf5 4. c4 e6 5. Be2 h6 6. Bb2 Nbd7 7. O-O c6 8. d3
Qc7 9. Nbd2 Bd6 10. h3 O-O 11. Rc1 dxc4 12. Nxc4 Be7 13. Nce5 Nxe5 14. Bxe5 Bd6
15. Bxd6 Qxd6 1/2-1/2

[Event "Gibtelecom AmatWk2 7th"]
[Site "Gibraltar"]
[Date "2009.02.05"]
[Round "5.15"]
[White "McGladdery, David G"]
[Black "Salomon, Johan"]
[Result "1-0"]
[WhiteElo "1512"]
[BlackElo "1174"]
[PlyCount "47"]
[EventDate "2009.02.01"]
[EventType "swiss"]
[EventRounds "5"]
[EventCountry "GGB"]
[SourceTitle "BritBase"]
[Source "www.saund.co.uk"]
[SourceDate "2018.02.10"]
[SourceVersion "1"]
[SourceVersionDate "2018.02.10"]
[SourceQuality "1"]

1. Nf3 d5 2. d4 c6 3. e3 Nf6 4. h3 Nbd7 5. c4 e6 6. Bd3 Bd6 7. c5 Bb8 8. O-O
Qc7 9. Nbd2 h6 10. e4 dxe4 11. Bxe4 O-O 12. Re1 e5 13. dxe5 Nxe5 14. Nxe5 Nxe4
15. Rxe4 Bf5 16. Re1 Qc8 17. Qh5 Qe6 18. Ndf3 Qc8 19. Bf4 f6 20. Ng6 Bxg6 21.
Qxg6 Bxf4 22. Re7 Rf7 23. Qxf7+ Kh8 24. Qxg7# 1-0

[Event "Gibtelecom AmatWk2 7th"]
[Site "Gibraltar"]
[Date "2009.02.05"]
[Round "5.16"]
[White "Vargas Salgado, Raul"]
[Black "Haddock, Paul"]
[Result "1-0"]
[WhiteElo "1156"]
[BlackElo "1416"]
[PlyCount "61"]
[EventDate "2009.02.01"]
[EventType "swiss"]
[EventRounds "5"]
[EventCountry "GGB"]
[SourceTitle "BritBase"]
[Source "www.saund.co.uk"]
[SourceDate "2018.02.10"]
[SourceVersion "1"]
[SourceVersionDate "2018.02.10"]
[SourceQuality "1"]

1. e4 c5 2. Nf3 d6 3. d4 cxd4 4. Nxd4 Nf6 5. Nc3 g6 6. Bc4 Nc6 7. Nf3 Bg7 8.
Bg5 O-O 9. Qd2 Bd7 10. Bh6 Rc8 11. Bxg7 Kxg7 12. O-O-O Na5 13. Bb3 Nxb3+ 14.
axb3 Qa5 15. Rhe1 Qa1+ 16. Nb1 Be6 17. Nd4 Bd7 18. c3 Rc7 19. Kc2 Qa5 20. f3
Rfc8 21. Re3 e5 22. Ne2 Rc6 23. Rd3 Ne8 24. f4 f5 25. Rd5 Qc7 26. fxe5 Be6 27.
exd6 Nxd6 28. Rxd6 Qb6 29. Rxe6 Rxc3+ 30. Nbxc3 Qxe6 31. Qd7+ 1-0

[Event "Gibtelecom AmatWk2 7th"]
[Site "Gibraltar"]
[Date "2009.02.05"]
[Round "5.17"]
[White "Benson, Nicola"]
[Black "Hashimov, Gasim"]
[Result "1/2-1/2"]
[WhiteElo "813"]
[BlackElo "1810"]
[PlyCount "34"]
[EventDate "2009.02.01"]
[EventType "swiss"]
[EventRounds "5"]
[EventCountry "GGB"]
[SourceTitle "BritBase"]
[Source "www.saund.co.uk"]
[SourceDate "2018.02.10"]
[SourceVersion "1"]
[SourceVersionDate "2018.02.10"]
[SourceQuality "1"]

1. d4 e6 2. Nf3 d5 3. e3 c5 4. b3 Nc6 5. Bb2 Nf6 6. Bd3 Bd7 7. a3 Qc7 8. Ne5
Nxe5 9. dxe5 Ne4 10. Nd2 Nxd2 11. Qxd2 c4 12. Be2 Rc8 13. Bd4 g6 14. O-O Bg7
15. f4 b5 16. Rac1 c3 17. Qd1 Bf8 1/2-1/2

[Event "Gibtelecom AmatWk2 7th"]
[Site "Gibraltar"]
[Date "2009.02.05"]
[Round "5.18"]
[White "Garcia Lechugo, Francisco"]
[Black "Hadrych, Craig"]
[Result "0-1"]
[WhiteElo "1688"]
[BlackElo "1600"]
[PlyCount "56"]
[EventDate "2009.02.01"]
[EventType "swiss"]
[EventRounds "5"]
[EventCountry "GGB"]
[SourceTitle "BritBase"]
[Source "www.saund.co.uk"]
[SourceDate "2018.02.10"]
[SourceVersion "1"]
[SourceVersionDate "2018.02.10"]
[SourceQuality "1"]

1. a3 c5 2. Nf3 Nc6 3. c3 d5 4. d4 cxd4 5. cxd4 Nf6 6. Bf4 e6 7. e3 Bd6 8. Bg5
Qa5+ 9. Nbd2 Qd8 10. Bb5 h6 11. Bxc6+ bxc6 12. Bxf6 Qxf6 13. b4 O-O 14. Nb3 e5
15. h3 e4 16. Nfd2 Qg6 17. g3 Bxg3 18. Rg1 Bxf2+ 19. Kxf2 Qf6+ 20. Ke2 Ba6+ 21.
Nc4 Bxc4+ 22. Kd2 Qf2+ 23. Kc1 Qxe3+ 24. Nd2 Qc3+ 25. Qc2 Qxa1+ 26. Nb1 Qxd4
27. Rg3 a5 28. Qg2 axb4 0-1

[Event "Gibtelecom AmatWk2 7th"]
[Site "Gibraltar"]
[Date "2009.02.05"]
[Round "5.19"]
[White "Correa Vargas, Luis"]
[Black "Ruiz, Jose Mari"]
[Result "0-1"]
[WhiteElo "1192"]
[BlackElo "700"]
[PlyCount "54"]
[EventDate "2009.02.01"]
[EventType "swiss"]
[EventRounds "5"]
[EventCountry "GGB"]
[SourceTitle "BritBase"]
[Source "www.saund.co.uk"]
[SourceDate "2018.02.10"]
[SourceVersion "1"]
[SourceVersionDate "2018.02.10"]
[SourceQuality "1"]

1. e4 e5 2. Nf3 Nc6 3. Bc4 Nf6 4. Nc3 Nd4 5. Nxe5 Bd6 6. Nxf7 Qe7 7. Nxh8 a6 8.
a3 Qe5 9. Nf7 Qc5 10. Nxd6+ cxd6 11. d3 h5 12. Bg5 Qxg5 13. Nd5 Kd8 14. Ne3 d5
15. exd5 d6 16. Qd2 Bd7 17. O-O-O b5 18. Ba2 a5 19. Qc3 Ne2+ 20. Kb1 Nxc3+ 21.
bxc3 Rb8 22. Kc1 b4 23. cxb4 axb4 24. axb4 Rxb4 25. Rd2 Qe5 26. Nc4 Qa1+ 27.
Bb1 Qxb1# 0-1

[Event "Gibtelecom AmatWk2 7th"]
[Site "Gibraltar"]
[Date "2009.02.05"]
[Round "5.22"]
[White "Cramling Bellon, Anna Yolanda"]
[Black "Socko, Weronika"]
[Result "0-1"]
[WhiteElo "1000"]
[BlackElo "1600"]
[PlyCount "58"]
[EventDate "2009.02.01"]
[EventType "swiss"]
[EventRounds "5"]
[EventCountry "GGB"]
[SourceTitle "BritBase"]
[Source "www.saund.co.uk"]
[SourceDate "2018.02.10"]
[SourceVersion "1"]
[SourceVersionDate "2018.02.10"]
[SourceQuality "1"]

1. d4 d5 2. Nf3 Bf5 3. Nc3 Nc6 4. e3 Nb4 5. a3 Nxc2+ 6. Ke2 Nxa1 7. Bd2 Nc2 8.
Ne1 Nxe1 9. Bxe1 Nf6 10. Na4 Ne4 11. f3 Nf6 12. Nc5 b6 13. Nb7 Qc8 14. Qa4+ Bd7
15. Qa6 Bc6 16. Qd3 a6 17. b4 Bb5 18. Qxb5+ axb5 19. Kf2 Qf5 20. Bxb5+ Nd7 21.
g4 Qc2+ 22. Be2 Rxa3 23. e4 Ra2 24. Kg3 Qxe2 25. Rg1 Qe3 26. Rf1 Qe2 27. Rf2
Qxe1 28. Kg2 Qxf2+ 29. Kh3 Qxh2# 0-1